[Event "Leverkusen-ch op"]
[Site "Leverkusen"]
[Date "2009.03.02"]
[Round "4"]
[White "Ohst, Thomas"]
[Black "Kayser, Manfred"]
[Result "1-0"]
[WhiteElo "1684"]
[BlackElo "1314"]
[PlyCount "63"]
[EventDate "2009.01.12"]
[EventType "swiss"]
[EventRounds "7"]
[EventCountry "GER"]
[SourceTitle "EXT 2010"]
[Source "ChessBase"]
[SourceDate "2010.11.25"]
[SourceVersion "1"]
[SourceVersionDate "2010.11.25"]
[SourceQuality "1"]

1. e4 c5 2. Nf3 e6 3. Bc4 Nc6 4. d4 cxd4 5. Nxd4 Ne5 6. Bb3 Nf6 7. Qe2 Be7 8. 0-0 h6 9. f4 Ng6 10. Kh1 a6 11. c4 Bc5 12. Nf3 Qc7 13. e5 Nh7 14. Nc3 Ne7 15. Ne4 Nf5 16. Bc2 b6 17. a3 Bb7 18. b4 Bf8 19. g4 Bxe4 20. Bxe4 Rc8 21. gxf5 exf5 22. Bxf5 g6 23. Bh3 Be7 24. Bb2 Rg8 25. Rad1 Rd8 26. Rg1 Nf8 27. f5 Bg5 28. Nxg5 hxg5 29. Rxg5 Nh7 30. Rg3 Kf8 31. Qf3 g5 32. Qd5 1-0

[Event "Leverkusen-ch op"]
[Site "Leverkusen"]
[Date "2009.02.09"]
[Round "3"]
[White "Kayser, Manfred"]
[Black "Schimpf, Rolf"]
[Result "0-1"]
[WhiteElo "1314"]
[BlackElo "1763"]
[PlyCount "100"]
[EventDate "2009.01.12"]
[EventType "swiss"]
[EventRounds "7"]
[EventCountry "GER"]
[SourceTitle "EXT 2010"]
[Source "ChessBase"]
[SourceDate "2010.11.25"]
[SourceVersion "1"]
[SourceVersionDate "2010.11.25"]
[SourceQuality "1"]

1. d4 f5 2. Nf3 Nf6 3. c4 g6 4. Nc3 Bg7 5. e3 d6 6. g3 c6 7. Bg2 0-0 8. 0-0 Na6 9. a3 Nc7 10. Rb1 h6 11. h3 Be6 12. b3 Bf7 13. Bb2 Qe8 14. Re1 Rd8 15. Qc2 e6 16. e4 fxe4 17. Nxe4 Nxe4 18. Rxe4 g5 19. Rbe1 Bg6 20. Nd2 Bxe4 21. Bxe4 Qf7 22. Rf1 d5 23. cxd5 exd5 24. Bh7+ Kh8 25. Bg6 Qe6 26. g4 Qd6 27. Bf5 Qf4 28. Qd3 Nb5 29. Nf3 Rfe8 30. Bc1 Qc7 31. a4 Nd6 32. h4 Nxf5 33. Qxf5 Rf8 34. Qd3 Qf7 35. Ne5 Bxe5 36. dxe5 Qe6 37. hxg5 Qxg4+ 38. Qg3 Qxg3+ 39. fxg3 Rxf1+ 40. Kxf1 hxg5 41. Bxg5 Rf8+ 42. Bf6+ Kg8 43. Ke2 Kf7 44. Kd3 Rg8 45. Bh4 c5 46. Ke3 Ke6 47. Kf4 Rb8 48. Bf6 b5 49. a5 b4 50. Ke3 Rg8 0-1